[Event "WLS-chT 1718"]
[Site "Wales"]
[Date "2017.10.22"]
[Round "1.15"]
[White "Garcia, Jason"]
[Black "Spencer, Douglas"]
[Result "1-0"]
[WhiteElo "2026"]
[BlackElo "2015"]
[PlyCount "93"]
[EventDate "2017.10.22"]
[EventType "team-tourn"]
[EventRounds "5"]
[EventCountry "WLS"]
[SourceTitle "EXT 2020"]
[Source "ChessBase"]
[SourceDate "2019.10.17"]
[SourceVersion "1"]
[SourceVersionDate "2019.10.17"]
[SourceQuality "1"]
[WhiteTeam "White Knights"]
[BlackTeam "Abergavenny"]
[WhiteTeamCountry "WLS"]
[BlackTeamCountry "WLS"]

1. e4 e5 2. Nf3 Nf6 3. Nxe5 d6 4. Nf3 Nxe4 5. Nc3 Nxc3 6. dxc3 Be7 7. Be3 Nc6 8. Qd2 Be6 9. 0-0-0 Qd7 10. Kb1 a6 11. Nd4 Bf6 12. Bg5 Bxd4 13. cxd4 d5 14. Be2 h6 15. Bh4 g5 16. Bg3 0-0-0 17. h4 f6 18. f3 Bf5 19. Bf2 Kb8 20. g4 Bg6 21. Rde1 Rde8 22. Bd1 Rxe1 23. Rxe1 Re8 24. Kc1 Rxe1 25. Bxe1 Qd6 26. a3 Kc8 27. Qe3 Kd7 28. Bd2 Qe7 29. Qb3 Qd6 30. h5 Bh7 31. Qxb7 Nxd4 32. Be3 Qc6 33. Qxc6+ Nxc6 34. Be2 a5 35. Bc5 Ne5 36. b4 axb4 37. Bxb4 c6 38. Bf8 Nf7 39. Kd2 Ke8 40. Bc5 Ne5 41. Bd4 Bg8 42. Kc3 Be6 43. Kb4 Kf7 44. Kc5 Nc4 45. a4 Bd7 46. Bxc4 dxc4 47. a5 1-0

[Event "WLS-chT 1617"]
[Site "Wales"]
[Date "2017.01.22"]
[Round "2.3"]
[White "Evans, Craig"]
[Black "Spencer, Douglas"]
[Result "1/2-1/2"]
[WhiteElo "1997"]
[BlackElo "2032"]
[PlyCount "25"]
[EventDate "2016.10.02"]
[EventType "team-tourn"]
[EventRounds "5"]
[EventCountry "WLS"]
[SourceTitle "EXT 2019"]
[Source "ChessBase"]
[SourceDate "2018.10.10"]
[SourceVersion "1"]
[SourceVersionDate "2018.10.10"]
[SourceQuality "1"]
[WhiteTeam "Nidum"]
[BlackTeam "Abergavenny"]
[WhiteTeamCountry "WLS"]
[BlackTeamCountry "WLS"]

1. d4 d5 2. e4 dxe4 3. Nc3 Nf6 4. f3 exf3 5. Nxf3 Bg4 6. h3 Bh5 7. g4 Bg6 8. Ne5 Nbd7 9. Nxg6 hxg6 10. Bg2 c6 11. 0-0 e6 12. Qf3 Qe7 13. a4 1/2-1/2

[Event "BCF-chT4S 1617 (4NCL)"]
[Site "England"]
[Date "2017.01.15"]
[Round "4.121"]
[White "Spencer, Douglas"]
[Black "Brown, Alan M"]
[Result "1/2-1/2"]
[WhiteElo "2022"]
[BlackElo "1969"]
[PlyCount "126"]
[EventDate "2016.11.26"]
[EventType "team-swiss"]
[EventRounds "11"]
[EventCountry "ENG"]
[SourceTitle "EXT 2019"]
[Source "ChessBase"]
[SourceDate "2018.10.10"]
[SourceVersion "1"]
[SourceVersionDate "2018.10.10"]
[SourceQuality "1"]
[WhiteTeam "West is Best II"]
[BlackTeam "MK Phoenix II"]
[WhiteTeamCountry "WLS"]
[BlackTeamCountry "ENG"]

1. d4 Nf6 2. c4 e6 3. Nf3 Bb4+ 4. Bd2 Qe7 5. g3 Nc6 6. Bg2 Bxd2+ 7. Nbxd2 d6 8. 0-0 a5 9. a3 0-0 10. Qc2 Bd7 11. e4 e5 12. d5 Nb8 13. Ne1 Na6 14. Nd3 b5 15. Rac1 b4 16. a4 Rfb8 17. b3 Nc5 18. Nxc5 dxc5 19. f4 Ra6 20. Rce1 exf4 21. gxf4 Ng4 22. h3 Nh6 23. Nf3 Rf6 24. Ne5 Rxf4 25. Rxf4 Qxe5 26. Qf2 Rb6 27. Rf1 f6 28. Qxc5 Ra6 29. Qf2 Qg5 30. Rf3 Nf7 31. Qg3 Qe5 32. Qxe5 Nxe5 33. Rg3 c5 34. Bf3 Rd6 35. Kf2 Be8 36. Ke3 Kf8 37. Rfg1 g5 38. h4 h6 39. Bd1 Bg6 40. Rf1 Kg7 41. hxg5 hxg5 42. Rh3 Rd8 43. Bh5 Bh7 44. Be2 Rd6 45. Rfh1 Bg8 46. Rg1 Rd8 47. Bg4 Rd6 48. Bf5 Rd8 49. Rgh1 Rd6 50. Rh8 Nf7 51. R8h3 Ne5 52. Rd1 Kf8 53. Rh8 Kg7 54. Rh2 Kf8 55. Rf1 Kg7 56. Rd2 Bf7 57. Rh1 Bg8 58. Rf2 Rd8 59. Kd2 Rd6 60. Kc2 Rd8 61. Kb1 Rd6 62. Kc2 Rd8 63. Rhf1 Rd6 1/2-1/2

[Event "WLS-chT 1516"]
[Site "Wales"]
[Date "2015.11.01"]
[Round "1.9"]
[White "Spencer, Douglas"]
[Black "Moore, Robert"]
[Result "1/2-1/2"]
[WhiteElo "2016"]
[BlackElo "1813"]
[PlyCount "37"]
[EventDate "2015.11.01"]
[EventType "team-tourn"]
[EventRounds "7"]
[EventCountry "WLS"]
[SourceTitle "EXT 2018"]
[Source "ChessBase"]
[SourceDate "2017.10.13"]
[SourceVersion "1"]
[SourceVersionDate "2017.10.13"]
[SourceQuality "1"]

1. d4 d5 2. c4 c6 3. Nf3 Nf6 4. e3 g6 5. Nc3 Bg7 6. Qb3 0-0 7. Bd2 e6 8. Bd3 Nbd7 9. 0-0 Qb6 10. Qc2 Re8 11. cxd5 exd5 12. b4 Qd8 13. Na4 Ne4 14. Rab1 Ndf6 15. b5 Bd7 16. bxc6 Bxc6 17. Bb4 Rc8 18. Qb3 a5 19. Bd2 1/2-1/2

[Event "WLS-ch Major"]
[Site "Cardiff"]
[Date "2005.03.26"]
[Round "3"]
[White "Spencer, Douglas"]
[Black "Woolcock, Craig"]
[Result "1-0"]
[WhiteElo "1854"]
[BlackElo "1568"]
[PlyCount "65"]
[EventDate "2005.03.25"]
[EventType "swiss"]
[EventRounds "7"]
[EventCountry "WLS"]
[SourceTitle "EXT 2006"]
[Source "ChessBase"]
[SourceDate "2005.11.24"]
[SourceVersion "1"]
[SourceVersionDate "2005.11.24"]
[SourceQuality "1"]

1. d4 e6 2. Nf3 Be7 3. g3 b6 4. Bg2 Bb7 5. c4 d6 6. Nc3 f5 7. 0-0 Qd7 8. Re1 Be4 9. d5 exd5 10. cxd5 Nf6 11. Ng5 Bxg2 12. Kxg2 0-0 13. Ne6 Rf7 14. e4 Ne8 15. exf5 Rxf5 16. Qg4 g6 17. Qc4 a6 18. a4 Ra7 19. Bh6 Rh5 20. Bf4 Rf5 21. Re2 Ng7 22. Rae1 Nxe6 23. Rxe6 Rf7 24. Ne4 Qd8 25. Nf6+ Kg7 26. Bh6+ Kh8 27. Qe4 c5 28. dxc6 Qc7 29. Ne8 Qxc6 30. Qxc6 Nxc6 31. Nxd6 Bxd6 32. Rxd6 Ne7 33. Rxe7 1-0

[Event "WLS-ch Major"]
[Site "Cardiff"]
[Date "2004.04.12"]
[Round "7"]
[White "Spencer, Douglas"]
[Black "Wilson, Julie Christine"]
[Result "1-0"]
[WhiteElo "1848"]
[BlackElo "1720"]
[PlyCount "81"]
[EventDate "2004.04.09"]
[EventType "swiss"]
[EventRounds "7"]
[EventCountry "WLS"]
[SourceTitle "EXT 2006"]
[Source "ChessBase"]
[SourceDate "2005.11.24"]
[SourceVersion "1"]
[SourceVersionDate "2005.11.24"]
[SourceQuality "1"]

1. d4 Nf6 2. c4 e6 3. Nf3 b6 4. g3 Bb7 5. Bg2 c5 6. d5 exd5 7. Nh4 d6 8. cxd5 Nbd7 9. Nc3 g6 10. 0-0 Bg7 11. Nb5 Ne5 12. f4 Neg4 13. h3 Nh6 14. e4 a6 15. Nc3 0-0 16. Nf3 Re8 17. Re1 b5 18. Qc2 b4 19. Nd1 Kh8 20. Bd2 Qd7 21. g4 Nhg8 22. Nf2 Re7 23. Rad1 Rae8 24. Bc1 a5 25. b3 Qc7 26. Bb2 Ba6 27. e5 Nd7 28. Ne4 Qb6 29. exd6 Rxe4 30. Bxg7+ Kxg7 31. Rxe4 Rxe4 32. Qxe4 Ngf6 33. Qe7 c4+ 34. Kh2 Qf2 35. Rd2 Qb6 36. bxc4 Bxc4 37. g5 Nxd5 38. Qxd7 Qe3 39. Qg4 Nxf4 40. d7 Be6 41. Qg3 1-0

[Event "WLS-ch Major"]
[Site "Cardiff"]
[Date "2004.04.11"]
[Round "5"]
[White "Spencer, Douglas"]
[Black "Bowers, John"]
[Result "1-0"]
[WhiteElo "1848"]
[BlackElo "1745"]
[PlyCount "95"]
[EventDate "2004.04.09"]
[EventType "swiss"]
[EventRounds "7"]
[EventCountry "WLS"]
[SourceTitle "EXT 2006"]
[Source "ChessBase"]
[SourceDate "2005.11.24"]
[SourceVersion "1"]
[SourceVersionDate "2005.11.24"]
[SourceQuality "1"]

1. d4 d5 2. e4 e6 3. Nc3 Nf6 4. Bg5 Be7 5. e5 Nfd7 6. h4 h6 7. Bxe7 Qxe7 8. Nb5 Nb6 9. Bd3 a6 10. Nc3 N8d7 11. Qg4 0-0 12. Rh3 f5 13. Qg6 Qf7 14. Qxf7+ Rxf7 15. Nce2 c5 16. c3 cxd4 17. cxd4 Nb8 18. Rc1 Nc6 19. Bb1 Bd7 20. Rb3 Nc4 21. Rxb7 Be8 22. Rxf7 Kxf7 23. b3 Na3 24. Bd3 a5 25. Nf3 a4 26. Kd2 Nb4 27. Rc7+ Kf8 28. Nc1 axb3 29. axb3 Rb8 30. Ra7 Nb5 31. Bxb5 Bxb5 32. Kc3 Nc6 33. Rc7 Ne7 34. Ne1 Rc8 35. Rxc8+ Nxc8 36. Kb4 Be8 37. Kc5 Ke7 38. Ncd3 g5 39. b4 Na7 40. hxg5 hxg5 41. Nf3 g4 42. Ng5 Nb5 43. Nf4 Nc3 44. Kb6 Bd7 45. b5 Bxb5 46. Ngxe6 Bd7 47. Nc7 Kd8 48. Ncxd5 1-0

[Event "BCF-chT4 0203 (4NCL)"]
[Site "Telford"]
[Date "2003.01.18"]
[Round "3.1"]
[White "Spencer, Douglas"]
[Black "Milnes, Anthony CP"]
[Result "0-1"]
[WhiteElo "1847"]
[BlackElo "2129"]
[PlyCount "36"]
[EventDate "2002.11.??"]
[EventType "team"]
[EventRounds "7"]
[EventCountry "ENG"]
[SourceTitle "EXT 2004"]
[Source "ChessBase"]
[SourceDate "2003.11.25"]
[SourceVersion "1"]
[SourceVersionDate "2003.11.25"]
[SourceQuality "1"]
[WhiteTeam "Nidum Knights II"]
[BlackTeam "Slough III"]
[WhiteTeamCountry "ENG"]
[BlackTeamCountry "ENG"]

1. d4 f5 2. Qd3 d5 3. h3 Nf6 4. Nf3 c6 5. Ne5 e6 6. Bg5 Be7 7. Nd2 Nbd7 8. Nxd7 Bxd7 9. Bxf6 Bxf6 10. e3 e5 11. c3 e4 12. Qc2 0-0 13. c4 f4 14. exf4 Bxd4 15. Nb3 Bb6 16. Qd2 e3 17. Qc3 exf2+ 18. Kd1 Rxf4 0-1